| 000 | 00631nam a22001937a 4500 | ||
|---|---|---|---|
| 003 | NUST - PNEC | ||
| 005 | 20170116180759.0 | ||
| 008 | 150411b xxu||||| |||| 00| 0 eng d | ||
| 020 | _a0791423867 | ||
| 040 | _cLIBRARY | ||
| 082 | _a371.2001 DON | ||
| 100 |
_92393 _a Donmoyer, Robert |
||
| 245 |
_aThe knowledge base in educational administration multiple perspectives _cDonmoyer, Robert; |
||
| 250 | _a- | ||
| 260 |
_aUSA _bNew York _cC 1995 |
||
| 300 | _a317 . : | ||
| 650 |
_92394 _aThe knowledge base in educational administration multiple perspectives _xSchool management and organization--Philosophy |
||
| 942 |
_2ddc _cBK |
||
| 999 |
_c62895 _d62895 |
||